000 02249nam0a2200373 i 4500
001 RU\NLR\BIBL_A\011562830
005 20241114205226.0
010 _a9785704617877
_9200
021 _aRU
_b2017-91293
_96531
035 _a(RuMoRGB)009470160
035 _a(NLR Aleph) 011562830
090 _a12283163
_c12283163
100 _a20171220d2017 u y0rusy50 ca
101 0 _arus
102 _aRU
105 _aa|||j|||000zy
200 1 _aДиэлектрические материалы
_eучебное пособие по курсу "Электротехническое материаловедение" для студентов, обучающихся по направлению "Электроэнергетика и электротехника"
_fА.Ю. Мирошниченко, Д.С. Холодный
_gМинистерство образования и науки Российской Федерации, Национальный исследовательский университет "МЭИ"
210 _aМосква
_cИзд-во МЭИ
_d2017
215 _a139 с.
_cил., табл.
_d20
320 _aБиблиогр.: с. 139 (18 назв.)
606 _aЭлектроизолирующие материалы
_jУчебные издания для высших учебных заведений
_91070167
_3RU\NLR\AUTH\6698169
606 _aДиэлектрики
_jУчебные издания для высших учебных заведений
_9985269
_3RU\NLR\AUTH\6653194
606 _aДиэлектрики полимерные
_jУчебные издания для высших учебных заведений
_92117789
_3RU\NLR\AUTH\661582755
606 _aДиэлектрики керамические
_jУчебные издания для высших учебных заведений
_92378109
_3RU\NLR\AUTH\661419016
686 _aЗ843.4я73-1
_2rubbk
686 1 _aЗ234я73-1
686 1 _aЛ719.6я73-1
686 1 _aЗ843.411я73-1
700 1 _aМирошниченко
_bА. Ю.
_gАнтон Юрьевич
701 1 _aХолодный
_bД. С.
_gДмитрий Станиславович
942 _cBOOK
980 _aNBR